| 000 | 00393cam a2200145ua 4500 | ||
|---|---|---|---|
| 041 |
_aeng _h |
||
| 082 |
_a828.09 _bJAM/MA |
||
| 100 | _aJames, D G . | ||
| 245 |
_aMathew Arnold and the decline of English romanticism / _cD G James. _hTextual Documents |
||
| 260 |
_aLondon : _bOxford at the Clarendon Press , _c1961. |
||
| 300 | _a110 ; . | ||
| 504 | _a | ||
| 942 | _cBK | ||
| 999 |
_c4717 _d4717 |
||